| 000 | 01961nam a2200313 a 4500 | ||
|---|---|---|---|
| 001 | 000000457 | ||
| 003 | DO-SdBPM | ||
| 005 | 20250904112728.0 | ||
| 007 | ta | ||
| 008 | 090130s2008 dr a 00 0 spa d | ||
| 020 | _a9789945856781 | ||
| 020 | _a9945856782 | ||
| 040 |
_aDO-SdBPM _bspa _cBPMSU _erda |
||
| 082 | 4 |
_aRD861.44 _bB443p 2008 _222 |
|
| 100 | 1 |
_aBelliard, Basilio _eautor |
|
| 245 | 1 | 4 |
_aLos pliegues del bosque / _cBasilio Belliard. |
| 264 |
_aSanto Domingo : _bEditora Búho, _c2008. |
||
| 300 |
_a76 páginas : _c21 cm. |
||
| 336 |
_atexto _btxt _2rdacontent |
||
| 337 |
_asin mediación _bn _2rdamedia |
||
| 338 |
_avolumen _bnc _2rdacarrier |
||
| 500 | _aIncluye datos biográficos del autor en la solapa de la cubierta | ||
| 505 | 0 |
_tPrólogo -- _tPiel de fuego -- _tNoches húmedas -- _tSinfonía del cuerpo -- _t Manjar de los instintos -- _t Los que se aman -- _tMaja -- _t Labios carmesíes -- _tMonte de venus -- _tCanción de los ojos -- _tUnísonos gemidos -- _tPopular estación -- _t Frenesí de tacto -- _tLunáticos fulgores -- _tVulva marina -- _t Manzanas encendidas -- _tLabios verticales -- _t Líneas de pieles -- _tEntre-piernas -- _tGeometría -- _t Punto G -- _tBalada del paraíso -- _t Loto dorado -- _tVerticales tegumentos -- _tCurva de la felicidad -- _t Bosque del cuerpo -- _t Leda y el cisne -- _tDánae -- _tFlor abierta -- _tVenus de Urbino -- _tPuntos al aire -- _tFemme fatale -- _tCuerpo, piel, sexo -- _tNinfa -- _tQuerida -- _t Monte -- _tBreve cárcel -- _tSed -- _tGhost -- _tLecho -- _t Cuerpo en llamas -- _tFuente -- _tLíneas de piel -- _tEros -- _tBeso líquido -- _tArquitectura sedienta -- _tCuerpo derramado -- _tAlimentos del suspiro -- _t Labios sordos -- _tEpicentro del cuerpo -- _t Amor de cepo -- _t Canción de los labios. |
|
| 590 | _aInventariado, 2024/VM | ||
| 650 | 4 | _aPoesía dominicana | |
| 650 | 4 | _aLiteratura dominicana | |
| 910 | _aVMateo V. Control de calidad. BPMSU | ||
| 942 |
_2ddc _cBK |
||
| 999 |
_c8175 _d8175 |
||